K.k. privilegierte österreichisch-ungarische Staats-Eisenbahn-Gesellschaft
| Titel: | K.k. privilegierte österreichisch-ungarische Staats-Eisenbahn-Gesellschaft : [die StEG] / Alfred Horn |
|---|---|
| Beteiligt: | |
| Veröffentlicht: | Wien : Bohmann, © 2012 |
| Umfang: | 400 S. : Ill., graph. Darst., Kt. ; 23 x 25 cm |
| Format: | Buch |
| Sprache: | Deutsch |
| Schriftenreihe/ mehrbändiges Werk: |
Eisenbahn-Bilderalbum ; 16 |
| ISBN: | 9783990150207 |
| Hinweise zum Inhalt: |
Inhaltsverzeichnis
|
alg: 34046329 001A $06000:22-05-14 001B $03004:02-12-14 $t09:43:40.000 001D $06000:03-07-14 001U $0utf8 001X $00 002@ $0Aax 003@ $0340463295 003O $0882486155 $aOCoLC 004A $A978-3-99015-020-7 $fGewebe : EUR 79.20 (DE), EUR 79.20 (AT), sfr 105.00 (freier Pr.) 004K $09783990150207 006G $0104663819X 006H $0TOCNEUA1421 $2DNB 006U $014,A27 $f20140122 007A $0104663819X $aDNB 009P $qapplication/pdf $A2 $3Inhaltsverzeichnis $uhttp://d-nb.info/104663819X/04 $mB:DE-101 010@ $ager 011@ $a2012 $n© 2012 017A $asf 021A $aK.k. privilegierte österreichisch-ungarische Staats-Eisenbahn-Gesellschaft $d[die StEG] $hAlfred Horn 028C $#Horn-Kubinszky, ... $7 $8Horn, Alfred [Tnd] $9140855653 033A $pWien $nBohmann 034D $a400 S. 034I $a23 x 25 cm 034M $aIll., graph. Darst., Kt. 036E $aEisenbahn-Bilderalbum $l16 036F $x216 $8Eisenbahn-Bilderalbum $9339660066 $l16 041A $RKaiserlich-Königliche Privilegirte Österreichische Staats-Eisenbahn-Gesellschaft $#Privilegirte Österreichisch-Ungarische Staats-Eisenbahn-Gesellschaft $#Österreichisch-Ungarische Staats-Eisenbahn-Gesellschaft $#Société Autrichienne-Hongroise Privilégiée des Chemins de Fer de l'État $#Privileged Austrian-Hungarian State Railway Company $#Austrian-Hungarian State Railway Company $#State Railway Company $75312502-2 $8Privilegierte Österreichisch-Ungarische Staats-Eisenbahn-Gesellschaft [Tb1] $9061527203 041A/01 $RÖsterreich $RÖsterreich-Ungarn $RErzherzogtum Österreich $#Österreich $#Österreich $#Österreich Zweite Republik $#Österreich Erste Republik $#Deutschösterreich $#Land Österreich $#Die @im Reichsrat Vertretenen Königreiche und Länder Österreich $#Zisleithanien $#Cisleithanien $#Habsburgermonarchie $#Habsburgerreich $#Ostmark Österreich $#Austrya $#Austrja $#Republik Österreich $#Bundesstaat Österreich $#Staat Deutschösterreich $#Kaisertum Österreich $#Kaiserthum Österreich $#Österreichische Monarchie $#Austria $#Autriche $#Ostmark $74043271-3 $8Österreich [Tgz] $9085120758 041A/02 $RSchienenverkehr $REisenbahn $#Railroads $#Railroads Traffic $#Transports ferroviaires $#Chemins de fer Trafic $#Tráfico ferroviario $#Eisenbahnverkehr $#Bahnverkehr $74151503-1 $8Eisenbahnverkehr [Ts1] $9085628735 045E $c380 045F $a385.065436 $eDDC22ger 045F/01 $a385.065 045F/03 $g436 045R $aGeschichte 1820-1945 lok: 34046329 24 exp: 34046329 24 1 #EPN 201B/01 $002-12-14 $t09:43:40.000 201C/01 $002-12-14 201U/01 $0utf8 203@/01 $0744785111 208@/01 $a02-12-14 $ba 209A/01 $azur Erwerbung bestellt $da $f050 $x00 220C/01 $asem 247C/01 $8358050-7Marburg, Bibliothek des Herder-Instituts Marburg $9102600961
| LEADER | 00000cam a22000002c 4500 | ||
|---|---|---|---|
| 001 | 340463295 | ||
| 003 | DE-603 | ||
| 005 | 20141202094340.0 | ||
| 007 | tu | ||
| 008 | 140522s2012 xx |||| | u00||u|ger | ||
| 015 | |a 14,A27 |2 dnb | ||
| 016 | 7 | |2 DE-101 |a 104663819X | |
| 020 | |a 9783990150207 |c Gewebe : EUR 79.20 (DE), EUR 79.20 (AT), sfr 105.00 (freier Pr.) | ||
| 024 | 3 | |a 9783990150207 | |
| 035 | |a (DE-599)DNB104663819X | ||
| 035 | |a (OCoLC)882486155 | ||
| 040 | |a DE-603 |b ger |c DE-603 |d DE-603 | ||
| 041 | |a ger | ||
| 082 | 0 | 4 | |8 1\u |a 385.065436 |q DE-101 |2 22/ger |
| 084 | |a 380 |q DE-101 |2 sdnb | ||
| 085 | |8 1\u |b 385.065 | ||
| 085 | |8 1\u |z 2 |s 436 | ||
| 090 | |a b | ||
| 245 | 0 | 0 | |a K.k. privilegierte österreichisch-ungarische Staats-Eisenbahn-Gesellschaft |b [die StEG] |c Alfred Horn |
| 264 | 1 | |a Wien |b Bohmann |c © 2012 | |
| 300 | |a 400 S. |b Ill., graph. Darst., Kt. |c 23 x 25 cm | ||
| 490 | 1 | |a Eisenbahn-Bilderalbum |v 16 | |
| 610 | 1 | 7 | |a Privilegierte Österreichisch-Ungarische Staats-Eisenbahn-Gesellschaft |2 gnd |0 (DE-588)5312502-2 |0 (DE-603)061527203 |
| 648 | 7 | |a Geschichte 1820-1945 |2 gnd | |
| 650 | 7 | |a Eisenbahnverkehr |0 (DE-588)4151503-1 |0 (DE-603)085628735 |2 gnd | |
| 651 | 7 | |a Österreich |0 (DE-588)4043271-3 |0 (DE-603)085120758 |2 gnd | |
| 700 | 1 | |a Horn, Alfred |0 (DE-603)140855653 | |
| 830 | 0 | |t Eisenbahn-Bilderalbum |v 16 |w (DE-603)339660066 |w (DE-600)2768451-9 |9 216 |7 as | |
| 856 | 4 | 2 | |m B:DE-101 |q application/pdf |u http://d-nb.info/104663819X/04 |3 Inhaltsverzeichnis |
| 924 | 0 | |9 Mb 50 |a (DE-603)744785111 |b DE-Mb50 |c HES |d d |g zur Erwerbung bestellt | |


